000 00582nam a22002057a 4500
005 20260409170018.0
008 260409b |||||||| |||| 00| 0 eng d
020 _a9780691624808
_qpbk
082 _a539.721
_bSAK
100 _aSakurai, J.J.
245 _aInvariance principles and elementary particles
250 _ac.1964
260 _aPrinceton
_bPrinceton University Press
_c1964
300 _ax, 326p. ; 23cm.
440 _aPrinceton Legacy Library
653 _aParticle Physics
653 _aParticles (Nuclear physics)
653 _aInvariants
942 _2ddc
_cBK
999 _c53139
_d53139